| 000 | 00358cam a2200145ua 4500 | ||
|---|---|---|---|
| 041 |
_aeng _h |
||
| 082 |
_a822 _bCON/WAI |
||
| 100 | _aCongreve, William . | ||
| 245 |
_aWay of the world / _cWilliam Congreve. _hTextual Documents |
||
| 260 |
_aLondon : _bJ M Dent and Sons Ltd , _c1960. |
||
| 300 | _a145 ; . | ||
| 504 | _a | ||
| 942 | _cBK | ||
| 999 |
_c661 _d661 |
||